| 000 | 00778nam a22001937a 4500 | ||
|---|---|---|---|
| 999 |
_c17851 _d17851 |
||
| 003 | AR-CdUCM | ||
| 008 | 190509b ||||| |||| 00| 0 spa d | ||
| 040 |
_aMUNICIPALIDAD PROVINCIAL DEL CUSCO _cBIBLIOTECA MUNICIPAL DEL CUSCO |
||
| 082 |
_27ed. _a460.9 / _bL25 |
||
| 100 |
_aLapesa, Rafael _938041 |
||
| 245 | _aHistoria de la lengua española / | ||
| 260 |
_aMadrid : _bEscelicer, _c1962. |
||
| 300 |
_a421 páginas ; _bIlustraciones, _c20 cm. |
||
| 505 | _aContenido: Las lenguas prerromanas -- La lengua latina en hispania -- Latín vulgar y particularidades del latín hispánico -- Transición del latín al romance, época visigoda ... | ||
| 650 |
_aHistoria lingüística _938042 |
||
| 650 |
_aLengua española _91124 |
||
| 942 |
_2ddc _cLIBROS |
||
| 945 |
_aacv _d2019-05-09 |
||